|
|
|
|
| LEADER |
00956cam a2200253 7i4500 |
| 001 |
0000036511 |
| 005 |
20201124090000.0 |
| 007 |
##ta |
| 008 |
201118s2020 my eng |
| 020 |
# |
# |
|a 9783037361580
|
| 040 |
# |
# |
|a MATR
|
| 090 |
0 |
0 |
|a I 631.584
|b INT
|
| 110 |
2 |
# |
|a International Federation of Organic Agriculture Movements
|
| 245 |
2 |
0 |
|a THE WORLD OF ORGANIC AGRICULTURE :
|b Statistics & Emerging Trends 2020 /
|c International Federation of Organic Agriculture Movements.
|
| 264 |
# |
4 |
|a ♭2020.
|
| 264 |
# |
1 |
|a Frick : FIBL, Bonn:
|b IFOMA - Organics International,
|c 2020.
|
| 300 |
# |
# |
|a 333 pages:
|b illustrations;
|c 24 cm.
|
| 336 |
# |
# |
|a text
|2 rdacontent
|
| 337 |
# |
# |
|a unmediated
|2 rdamedia
|
| 338 |
# |
# |
|a volume
|2 rdacarrier
|
| 504 |
# |
# |
|a Includes bibliographical references and index
|
| 650 |
1 |
0 |
|a Agriculture biologigue
|
| 999 |
|
|
|a 000041094
|b Book
|c International
|e Business Information Centre
|
| 999 |
|
|
|a 0000041094
|b Book
|c International
|e Business Information Centre
|